| 000 | 00975nam a22002057a 4500 | ||
|---|---|---|---|
| 999 |
_c3484 _d3484 |
||
| 005 | 20240129110240.0 | ||
| 008 | 240129b ||||| |||| 00| 0 eng d | ||
| 020 | _a9781250158888 | ||
| 040 | _cKH8 | ||
| 082 | _aFIC BER | ||
| 100 |
_aBerry, Julie, _d1974- _eAuthor |
||
| 245 |
_aThe emperor's ostrich / _cJulie Berry |
||
| 260 |
_aNew York, _bRoaring Brook Press, _c2017 |
||
| 300 |
_a 276 pages : _c22 cm _e map ; |
||
| 520 | _a"Young dairymaid Begonia has lost her cow, Alfalfa. So she has set off on a search across the countryside even though she has nothing but a magical map to guide her. Meanwhile, the Emperor has gone missing from the royal palace in a most mysterious manner. Was it murder? Was it magic? It will take all of Begonia's wits to save the empire and get Alfalfa home safely"-- Provided by publisher | ||
| 650 | _aAction and adventure fiction | ||
| 650 | _aAdventure and adventurers Fiction | ||
| 650 | _aAdventure stories | ||
| 942 |
_2ddc _cFIC |
||